000 01007nam a22002651u 4500
001 12646
003 HDC
007 cr bn ---
008 210209p2001 my eng
040 _aHDC
100 _aAbu Bakar Chik,
_eauthor
_913417
245 0 _aEffect of milk diets on growth performance and carcass composition as veal from Sahiwal-Friesian calves /
_cby Abu Bakar Chik, Moh Salleh Rejab and Mohamad Shafit Hussain
260 _aSerdang :
_bMalaysian Agricultural Research and Development Institute (MARDI),
_c2001
300 _a1 page
336 _atext
_2rdacontent
337 _acomputer
_2rdamedia
338 _aonline resource
_2rdacarrier
650 _aLiquid diets
_913420
650 _aMilk diets
_913418
650 _aVeal production
_913419
856 _zRequest full-text at [email protected]
942 _2lcc
942 _cAR
942 _kJART 003189
999 _c9969
_d9969